logo

Bir Sreshtho Munshi Abdur Rouf Library
Jhenaidah Cadet College

Essential arithmetic / (Record no. 5352)

MARC details
000 -LEADER
fixed length control field 00962cam a2200313 a 4500
001 - CONTROL NUMBER
JCCL Control Number 5352
003 - CONTROL NUMBER IDENTIFIER
JCCL marc code BD-JhCC
005 - DATE AND TIME OF LATEST TRANSACTION
control field 20171213120940.0
008 - FIXED-LENGTH DATA ELEMENTS--GENERAL INFORMATION
fixed length control field 831025s1984 caua 001 0 eng
020 ## - INTERNATIONAL STANDARD BOOK NUMBER
International Standard Book Number 0534032400 (pbk.)
035 ## - SYSTEM CONTROL NUMBER
system control number (BD-JhCC)5352
040 ## - CATALOGING SOURCE
Original cataloging agency DLC
Transcribing agency DLC
Modifying agency DLC
041 ## - LANGUAGE CODE
Language code of Book eng
050 00 - LIBRARY OF CONGRESS CALL NUMBER
Classification number QA107
Item number .J64 1984
082 00 - DEWEY DECIMAL CLASSIFICATION NUMBER
Classification number 513/.142
DDC Edition number 19
Author mark and Year STO 1984
100 1# - MAIN ENTRY--PERSONAL NAME
Personal name Johnston, C. L.
Fuller form of name (Carol Lee),
Dates associated with a name 1911-
245 10 - TITLE STATEMENT
Title Essential arithmetic /
Statement of responsibility, etc C.L. Johnston, Alden T. Willis, Gale M. Hughes.
250 ## - EDITION STATEMENT
Edition statement 4th ed.
260 ## - PUBLICATION, DISTRIBUTION, ETC. (IMPRINT)
Place of publication, distribution, etc Belmont, Calif. :
Name of publisher, distributor, etc Wadsworth Pub. Co.,
Date of publication, distribution, etc c1984.
300 ## - PHYSICAL DESCRIPTION
Pagination x, 534 p. :
Other physical details ill. ;
Dimensions 28 cm.
490 1# - SERIES STATEMENT
Series statement [The Johnston/Willis developmental mathematics series]
500 ## - GENERAL NOTE
General note Series statement from: Intermediate algebra / A.T. Willis. 2nd ed. c1987.
500 ## - GENERAL NOTE
General note Includes index.
650 #0 - SUBJECT ADDED ENTRY--TOPICAL TERM
Topical term or geographic name as entry element Arithmetic.
700 1# - ADDED ENTRY--PERSONAL NAME
Personal name Willis, Alden T.
700 1# - ADDED ENTRY--PERSONAL NAME
Personal name Hughes, Gale M.
942 ## - ADDED ENTRY ELEMENTS (KOHA)
Source of classification or shelving scheme Dewey Decimal Classification
Koha item type Books
Holdings
Source of classification or shelving scheme Damaged status Not for loan Home library Current library Shelving location Date of accession Total Checkouts Full call number Barcode Date last seen Date checked out Copy number Koha item type
Dewey Decimal Classification     JCC Rouf Library JCC Rouf Library General Stacks 09/02/2025 1 513/.142 STO 1984 7492 09/04/2025 09/02/2025 C - 1 Books

JCC Library | Contacts | JCC Home

Last Update on 23 September 2017
Copyright @ 2017-2020 JCC Rouf Library
Rouf Library, Jhenidah Cadet College (JCC), Bangladesh